000 nam a22 7a 4500
999 _c7482
_d7482
008 170913b xxu||||| |||| 00| 0 eng d
100 _94008
_aKumar.R
245 _aHistory/Civics-7
260 _aNew Delhi